[Event "World Senior Teams +50"]
[Site "Radebeul GER"]
[Date "2016.06.30"]
[Round "5.1"]
[Board "3"]
[White "Petursson, Margeir"]
[Black "Movsziszian, Karen"]
[Result "1/2-1/2"]
[WhiteTitle "GM"]
[BlackTitle "GM"]
[WhiteElo "2509"]
[BlackElo "2488"]
[WhiteTeam "Iceland"]
[BlackTeam "Armenia"]
[WhiteFideId "2300028"]
[BlackFideId "13301152"]
[EventDate "2016.06.26"]

1. c4 d6 2. Nc3 e5 3. g3 g6 4. Bg2 Bg7 5. e3 c6 6. d4 Qe7 7. Nge2 Nf6 8. b3 O-O
9. Bb2 Re8 10. Qd2 Na6 11. h3 h5 12. d5 Bd7 13. Rd1 c5 14. e4 h4 15. O-O hxg3
16. fxg3 Nh7 17. g4 Bf6 18. Bc1 Bg5 19. Qe1 Nc7 20. a4 b6 21. Bxg5 Qxg5 22. Qd2
Qh4 23. Qe1 Qxe1 24. Rfxe1 Kf8 25. Ra1 Ke7 26. Ng3 a6 27. Ra2 Rh8 28. Kf2 Ng5
29. Rh1 Rh4 30. Nce2 Rah8 31. Ng1 Ne8 32. Ke3 Ng7 33. Rf2 b5 34. axb5 axb5 35.
Nf3 Nxf3 36. Rxf3 Ra8 37. Rhf1 Be8 38. cxb5 Ra3 39. Rb1 Bxb5 40. Kf2 Rh8 41. b4
Ra2+ 42. Kg1 c4 43. Bf1 Rha8 44. Rc3 R2a3 45. Rbc1 Rxc3 46. Rxc3 Ne8 47. Kf2 Nf6
48. Rc2 Ra4 49. Bxc4 Rxb4 50. Bxb5 Rxb5 51. Rc7+ Kf8 52. Rc8+ Ke7 53. Rc3 Rb2+
54. Kf3 Rh2 55. g5 Nd7 56. Kg4 Rf2 57. Rf3 Rxf3 58. Kxf3 1/2-1/2

[Event "World Senior Teams +50"]
[Site "Radebeul GER"]
[Date "2016.06.30"]
[Round "5.1"]
[Board "4"]
[White "Galdunts, Sergey"]
[Black "Arnason, Jon L"]
[Result "1-0"]
[WhiteTitle "GM"]
[BlackTitle "GM"]
[WhiteElo "2415"]
[BlackElo "2490"]
[WhiteTeam "Armenia"]
[BlackTeam "Iceland"]
[WhiteFideId "13300067"]
[BlackFideId "2300036"]
[EventDate "2016.06.26"]

1. e4 c5 2. Nf3 d6 3. d4 cxd4 4. Nxd4 Nf6 5. Nc3 a6 6. h3 e5 7. Nde2 h5 8. g3
Be6 9. Bg2 Nbd7 10. Be3 Nb6 11. b3 d5 12. Bxb6 Qxb6 13. exd5 Rd8 14. O-O Qa5 15.
Qe1 Nxd5 16. Nxd5 Qxe1 17. Rfxe1 Bxd5 18. Nf4 Bxg2 19. Rxe5+ Kd7 20. Kxg2 g6 21.
Rd1+ Kc7 22. Rxd8 Kxd8 23. a4 Kd7 24. Kf3 Bd6 25. Rd5 Kc6 26. c4 Re8 27. Nd3 Re6
28. b4 Rf6+ 29. Ke4 Re6+ 30. Kd4 Re2 31. c5 Bb8 32. Rd8 Ba7 33. Ne5+ Kc7 34.
Rd7+ Kc8 35. Rxf7 a5 36. Nc4 axb4 37. Nd6+ Kd8 38. Nxb7+ Kc8 39. Nd6+ Kb8 40.
Rf8+ Kc7 41. Nb5+ 1-0

[Event "World Senior Teams +50"]
[Site "Radebeul GER"]
[Date "2016.06.30"]
[Round "5.2"]
[Board "1"]
[White "Revuckij, Vladimir"]
[Black "Nunn, John D M"]
[Result "0-1"]
[WhiteTitle "IM"]
[BlackTitle "GM"]
[WhiteElo "2401"]
[BlackElo "2597"]
[WhiteTeam "Obuchiw"]
[BlackTeam "England 1"]
[WhiteFideId "14106167"]
[BlackFideId "400017"]
[EventDate "2016.06.26"]

1. e4 c5 2. Nf3 d6 3. d4 Nf6 4. Nc3 cxd4 5. Qxd4 a6 6. Be3 Ng4 7. Bg5 h6 8. Bh4
Nc6 9. Qd2 g5 10. Bg3 Bg7 11. h4 gxh4 12. Nxh4 Be6 13. f3 Nge5 14. Nf5 Bxf5 15.
exf5 Nd4 16. O-O-O Nxf5 17. Bf2 h5 18. Nd5 Rc8 19. Kb1 e6 20. Bb6 Qd7 21. Nc3 h4
22. Ne4 d5 23. Nc3 Ng3 24. Rh3 Nxf1 25. Rxf1 Nc4 26. Qf2 Bxc3 27. Bd4 Bxd4 28.
Qxd4 e5 29. Re1 Kf8 30. Qf2 Qb5 31. c3 d4 32. b3 Na3+ 33. Ka1 Rxc3 34. Rxh4 Rxh4
35. Qxh4 Nc2+ 36. Kb2 Nxe1 0-1

[Event "World Senior Teams +50"]
[Site "Radebeul GER"]
[Date "2016.06.30"]
[Round "5.2"]
[Board "2"]
[White "Hebden, Mark L"]
[Black "Ianov, Viktor"]
[Result "1-0"]
[WhiteTitle "GM"]
[BlackTitle "IM"]
[WhiteElo "2510"]
[BlackElo "2324"]
[WhiteTeam "England 1"]
[BlackTeam "Obuchiw"]
[WhiteFideId "400084"]
[BlackFideId "14102730"]
[EventDate "2016.06.26"]

1. d4 d6 2. e4 Nf6 3. Nc3 e5 4. Nf3 Nbd7 5. Bc4 Be7 6. a4 O-O 7. O-O a5 8. Qe2
c6 9. Rd1 Qc7 10. h3 exd4 11. Nxd4 Ne5 12. Bf4 Re8 13. Ba2 h6 14. Bg3 Bf8 15. f4
Ng6 16. f5 Ne5 17. Kh1 Bd7 18. Nf3 Rad8 19. Nxe5 dxe5 20. Bh4 Bc8 21. Bxf6 gxf6
22. Qc4 Qe7 23. Ne2 Rd7 24. Rxd7 Bxd7 25. Ng3 b5 26. Qe2 Bg7 27. Nh5 Bh8 28. Rd1
Kh7 29. Qd2 Bc8 30. axb5 cxb5 31. Qxa5 Bb7 32. Qxb5 1-0

[Event "World Senior Teams +50"]
[Site "Radebeul GER"]
[Date "2016.06.30"]
[Round "5.2"]
[Board "3"]
[White "Kernazhitsky, Leonid"]
[Black "Arkell, Keith C"]
[Result "0-1"]
[WhiteTitle "IM"]
[BlackTitle "GM"]
[WhiteElo "2285"]
[BlackElo "2453"]
[WhiteTeam "Obuchiw"]
[BlackTeam "England 1"]
[WhiteFideId "14102102"]
[BlackFideId "400270"]
[EventDate "2016.06.26"]

1. e4 c6 2. d4 d5 3. Nc3 dxe4 4. Nxe4 Nd7 5. Ng5 Ngf6 6. N1f3 h6 7. Nh3 g5 8.
Nhg1 Qc7 9. Bd3 c5 10. c3 b6 11. Ne2 Bb7 12. dxc5 bxc5 13. Ng3 g4 14. Nh4 e6 15.
Qe2 Qe5 16. Qxe5 Nxe5 17. Bb5+ Nfd7 18. h3 h5 19. Bg5 Be7 20. Bxe7 Kxe7 21.
O-O-O c4 22. Rhe1 Nd3+ 23. Kb1 N7e5 24. Re3 Rab8 25. b4 Bd5 26. Ba4 Kf6 27. f4
gxf3 28. Nxf3 Nxf3 29. gxf3 Nxb4 30. Ka1 Nd3 31. Bc2 Nf4 32. Ne4+ Ke7 33. Ng3
Kd6 34. Ne4+ Ke7 35. Ng3 Rbg8 36. Ne2 Ng2 37. Re5 f6 38. Rdxd5 fxe5 39. Rxe5 Kf6
40. Re4 Ne1 41. Rf4+ Ke7 42. Bb1 e5 43. Rxc4 Nxf3 44. Be4 Nd2 45. Rc5 Kf6 46.
Rc6+ Kg5 47. Bd5 Rb8 48. a4 Rhf8 49. Re6 Rbe8 50. Rxe8 Rxe8 51. Kb2 Kh4 52. Kc2
Nf1 53. Kd3 Kxh3 54. c4 Ng3 55. Nc3 Kg4 56. c5 e4+ 57. Nxe4 Nxe4 58. Bxe4 Kf4
59. Bb7 Re7 60. Bg2 Rg7 61. Ba8 Ke5 62. Kc4 h4 63. Kb5 h3 64. Bf3 Rf7 65. Bh1 h2
66. Ka6 Kd4 67. c6 Kc5 68. a5 Kd6 69. Bg2 Rg7 70. Bf3 Rc7 71. Bg2 Ke7 72. Kb5
Kd8 73. Kc5 Rg7 74. Bf3 Kc7 75. Kb5 Rh7 76. Bh1 Rh8 77. Ka6 Rh5 78. Bf3 h1=Q 79.
Bxh1 Rxh1 80. Kxa7 Rh5 0-1

[Event "World Senior Teams +50"]
[Site "Radebeul GER"]
[Date "2016.06.30"]
[Round "5.2"]
[Board "4"]
[White "Flear, Glenn C"]
[Black "Semenov, Valeri"]
[Result "1/2-1/2"]
[WhiteTitle "GM"]
[BlackTitle "FM"]
[WhiteElo "2450"]
[BlackElo "2279"]
[WhiteTeam "England 1"]
[BlackTeam "Obuchiw"]
[WhiteFideId "400165"]
[BlackFideId "14101319"]
[EventDate "2016.06.26"]

1. d4 Nf6 2. c4 e6 3. Nf3 Bb4+ 4. Bd2 Qe7 5. g3 Nc6 6. Nc3 Bxc3 7. Bxc3 Ne4 8.
Rc1 d6 9. Bg2 O-O 10. d5 Nxc3 11. Rxc3 Nb8 12. dxe6 fxe6 13. Nd4 c6 14. O-O Nd7
15. Qd2 e5 16. Nc2 Nf6 17. e4 Be6 18. b3 Rac8 19. Rd3 Ne8 20. Ne3 b6 21. f4 exf4
22. gxf4 Rc7 23. Qf2 Bc8 24. Qg3 Nf6 25. e5 Ne8 26. Kh1 dxe5 27. fxe5 Rxf1+ 28.
Bxf1 Be6 29. Bg2 Rd7 30. Rxd7 Bxd7 31. Nc2 Nc7 32. Nd4 Qc5 33. Qf4 Ne6 34. Nxe6
Bxe6 35. h4 1/2-1/2

[Event "World Senior Teams +50"]
[Site "Radebeul GER"]
[Date "2016.06.30"]
[Round "5.3"]
[Board "1"]
[White "Strutinskaia, Galina"]
[Black "Boensch, Uwe"]
[Result "0-1"]
[WhiteTitle "WGM"]
[BlackTitle "GM"]
[WhiteElo "2237"]
[BlackElo "2545"]
[WhiteTeam "Russia Women"]
[BlackTeam "Germany 1"]
[WhiteFideId "4108558"]
[BlackFideId "4611268"]
[EventDate "2016.06.26"]

1. d4 Nf6 2. c4 c5 3. Nf3 e6 4. g3 cxd4 5. Nxd4 Qc7 6. Nc3 a6 7. Qd3 Nc6 8. Nxc6
Qxc6 9. e4 b6 10. Bg2 Bb7 11. Bd2 Be7 12. Rc1 O-O 13. O-O d6 14. b3 Rfe8 15. Qe2
Bf8 16. f4 Nd7 17. Bf3 Qc7 18. g4 g6 19. Be3 Bg7 20. Qd2 Nc5 21. Bd4 Bxd4+ 22.
Qxd4 e5 23. fxe5 Rxe5 24. Rcd1 Rd8 25. Bg2 Ne6 26. Qd2 Qe7 27. Nd5 Bxd5 28. cxd5
Nc5 29. Qb4 b5 30. Qa5 Ra8 31. Rc1 Qg5 32. Qc7 Rf8 33. Qxd6 Nxe4 34. Qb6 Qxg4
35. Qd4 Rg5 36. Rc2 Rd8 37. h3 Qh4 38. Re2 f5 39. Qe5 Ng3 40. Rc2 Nxf1 41. Kxf1
Rxg2 42. Qe6+ Kg7 43. Rxg2 Qe4 44. Rc2 Rxd5 45. Rc7+ Kh6 46. Qxe4 fxe4 47. Ke2
Rd3 48. h4 Rh3 49. Ra7 Rh2+ 50. Ke3 Rxa2 0-1

[Event "World Senior Teams +50"]
[Site "Radebeul GER"]
[Date "2016.06.30"]
[Round "5.3"]
[Board "2"]
[White "Bischoff, Klaus"]
[Black "Mednikova, Svetlana"]
[Result "1-0"]
[WhiteTitle "GM"]
[BlackTitle "WGM"]
[WhiteElo "2500"]
[BlackElo "2180"]
[WhiteTeam "Germany 1"]
[BlackTeam "Russia Women"]
[WhiteFideId "4600045"]
[BlackFideId "4109961"]
[EventDate "2016.06.26"]

1. c4 f5 2. b3 Nf6 3. Bb2 e6 4. g3 d5 5. cxd5 exd5 6. Nf3 Bd6 7. e3 O-O 8. Bg2
Qe7 9. O-O Bd7 10. Nc3 c6 11. Ne2 Na6 12. a3 Nc5 13. b4 Nd3 14. Bd4 a5 15. Qc2
Ne5 16. Nxe5 Bxe5 17. Bc5 Bd6 18. Bxd6 Qxd6 19. Qb2 Ng4 20. Qd4 axb4 21. axb4
Ne5 22. Nf4 Be6 23. Nh5 Rxa1 24. Rxa1 Bf7 25. f4 Bxh5 26. fxe5 Qe7 27. Qc3 Qg5
28. Ra7 Qg4 29. e6 d4 30. Qxd4 Qxd4 31. exd4 Re8 32. d5 cxd5 33. Bxd5 b6 34. Bc6 1-0

[Event "World Senior Teams +50"]
[Site "Radebeul GER"]
[Date "2016.06.30"]
[Round "5.3"]
[Board "3"]
[White "Kozlovskaya, Valentina"]
[Black "Volke, Karsten"]
[Result "1/2-1/2"]
[WhiteTitle "WGM"]
[BlackTitle "IM"]
[WhiteElo "2218"]
[BlackElo "2478"]
[WhiteTeam "Russia Women"]
[BlackTeam "Germany 1"]
[WhiteFideId "4107098"]
[BlackFideId "4611411"]
[EventDate "2016.06.26"]

1. d4 Nf6 2. c4 e6 3. Nf3 d5 4. Nc3 dxc4 5. e3 a6 6. Bxc4 b5 7. Bd3 Bb7 8. a3 c5
9. dxc5 Bxc5 10. b4 Be7 11. Bb2 Nbd7 12. O-O O-O 13. e4 Qb8 14. Qe2 Bd6 15. g3
Ne5 16. Nxe5 Bxe5 17. Rfe1 Rd8 18. Rac1 h6 19. Bb1 Nd7 20. Nd1 Qd6 21. Ne3 Qb6
22. Red1 Bxb2 23. Qxb2 Nf6 24. Qe5 Rxd1+ 25. Rxd1 Rc8 26. h4 Qc6 27. f3 Nd7 28.
Qd4 Nb6 29. Qd6 Qxd6 30. Rxd6 Bc6 31. Bc2 Kf8 32. Kf2 Ke7 33. Rd3 Bd7 34. Ke2 g5
35. hxg5 hxg5 36. Bb3 Rh8 37. Rd2 Rh2+ 38. Kd3 Rh3 39. Nf1 Bc6 40. Rh2 Rxh2 41.
Nxh2 1/2-1/2

[Event "World Senior Teams +50"]
[Site "Radebeul GER"]
[Date "2016.06.30"]
[Round "5.3"]
[Board "4"]
[White "Gauglitz, Gernot"]
[Black "Fatalibekova, Elena"]
[Result "1/2-1/2"]
[WhiteTitle "IM"]
[BlackTitle "WGM"]
[WhiteElo "2396"]
[BlackElo "2227"]
[WhiteTeam "Germany 1"]
[BlackTeam "Russia Women"]
[WhiteFideId "4611365"]
[BlackFideId "4106792"]
[EventDate "2016.06.26"]

1. d4 Nf6 2. Nf3 e6 3. c4 Bb4+ 4. Bd2 Qe7 5. g3 Bxd2+ 6. Qxd2 Ne4 7. Qc2 Qb4+ 8.
Nbd2 Nxd2 9. Nxd2 Nc6 10. e3 Qe7 11. Bg2 d6 12. b4 O-O 13. b5 Nd8 14. O-O e5 15.
Nb3 a6 16. a4 c6 17. b6 f5 18. dxe5 dxe5 19. c5 Be6 20. Na5 Nf7 21. Rfc1 e4 22.
Qc3 Rad8 23. Rd1 Rxd1+ 24. Rxd1 Rd8 25. Rxd8+ Qxd8 26. Qd4 Qe7 27. f4 Bd5 28.
Bf1 Nd8 29. Bc4 Bxc4 30. Nxc4 Nf7 31. Nd6 Nxd6 32. cxd6 Qd7 33. Kf2 Kf7 34. Ke2
Ke8 35. g4 fxg4 36. Qxe4+ Kf7 37. Qd4 h5 38. e4 g6 39. e5 Ke8 40. Qc4 Kf8 41.
Ke3 h4 42. Qc2 Qe6 43. Kf2 Ke8 44. a5 Kd7 45. Kg1 Qf5 46. Qc4 Qe6 47. Qe2 Qf5
48. Qc4 Qe6 49. Qe2 Qf5 1/2-1/2

[Event "World Senior Teams +50"]
[Site "Radebeul GER"]
[Date "2016.06.30"]
[Round "5.4"]
[Board "1"]
[White "Heidrich, Manfred"]
[Black "Jussupow, Artur"]
[Result "1/2-1/2"]
[WhiteTitle "FM"]
[BlackTitle "GM"]
[WhiteElo "2339"]
[BlackElo "2596"]
[WhiteTeam "SC Forchheim e.V."]
[BlackTeam "Emanuel-Lasker-Gesellschaft"]
[WhiteFideId "4602722"]
[BlackFideId "4618777"]
[EventDate "2016.06.26"]

1. e4 e6 2. d4 d5 3. Nd2 c5 4. exd5 exd5 5. Ngf3 Nc6 6. Bb5 Bd6 7. dxc5 Bxc5 8.
O-O Ne7 9. Nb3 Bd6 10. Bg5 O-O 11. Bh4 Qb6 12. Be2 a5 13. a4 Nf5 14. Qxd5 Nb4
15. Qb5 Qxb5 16. axb5 Nxh4 17. Nxh4 Nxc2 18. Rxa5 Rxa5 19. Nxa5 Bb4 20. Nc4 Nd4
21. Bd3 Rd8 22. Ne3 g6 23. Rd1 Be6 24. Be4 Ne2+ 25. Kh1 Rxd1+ 26. Nxd1 b6 27.
Ne3 Be1 28. Nd1 Nd4 29. Nf3 Nxf3 30. Bxf3 Bc4 31. Bc6 Bb3 32. Bf3 Bxd1 33. Bxd1
Bxf2 34. g3 1/2-1/2

[Event "World Senior Teams +50"]
[Site "Radebeul GER"]
[Date "2016.06.30"]
[Round "5.4"]
[Board "2"]
[White "Graf, Alexander"]
[Black "Bartsch, Berthold"]
[Result "1-0"]
[WhiteTitle "GM"]
[BlackTitle "FM"]
[WhiteElo "2561"]
[BlackElo "2270"]
[WhiteTeam "Emanuel-Lasker-Gesellschaft"]
[BlackTeam "SC Forchheim e.V."]
[WhiteFideId "4680804"]
[BlackFideId "4604660"]
[EventDate "2016.06.26"]

1. d4 Nf6 2. c4 e5 3. dxe5 Ng4 4. Bf4 Bb4+ 5. Nc3 Nc6 6. Nf3 Qe7 7. Qd5 Bxc3+ 8.
bxc3 f6 9. exf6 Nxf6 10. Qd3 d6 11. e3 O-O 12. Be2 Ne4 13. Nd4 Na5 14. O-O Nc5
15. Qc2 Qf7 16. Bg3 Nxc4 17. e4 Bd7 18. Rfe1 b5 19. f4 Rae8 20. e5 Kh8 21. a4
bxa4 22. Bf1 Nb6 23. Rad1 Nb3 24. Nf3 Bf5 25. Qf2 d5 26. h3 c5 27. Bh2 Bd7 28.
g4 Bc6 29. f5 d4 30. e6 Qe7 31. c4 Bxf3 32. Qxf3 Na5 33. Rc1 Qb7 34. Qg3 Nb3 35.
Rc2 Nc8 36. Bd3 a3 37. Qh4 Qf3 38. Be4 d3 39. Rf2 d2 40. Rxf3 1-0

[Event "World Senior Teams +50"]
[Site "Radebeul GER"]
[Date "2016.06.30"]
[Round "5.4"]
[Board "3"]
[White "Seyb, Dieter"]
[Black "Koehler, Gerhard2"]
[Result "1/2-1/2"]
[WhiteTitle "FM"]
[WhiteElo "2265"]
[BlackElo "2201"]
[WhiteTeam "SC Forchheim e.V."]
[BlackTeam "Emanuel-Lasker-Gesellschaft"]
[WhiteFideId "4603346"]
[BlackFideId "12909700"]
[EventDate "2016.06.26"]

1. e4 c5 2. Nf3 e6 3. c3 d5 4. exd5 Qxd5 5. d4 Nf6 6. Be2 Be7 7. O-O O-O 8. c4
Qd8 9. Nc3 cxd4 10. Qxd4 Nc6 11. Qxd8 Rxd8 12. Bf4 b6 13. Rfd1 Bb7 14. a3 Ne8
15. Rxd8 Rxd8 16. Rd1 Rxd1+ 17. Nxd1 f6 18. Be3 Nd6 19. Nd4 Nxd4 20. Bxd4 Nf5
21. Bc3 Kf7 22. b4 Ke8 23. f3 h5 24. g3 Bd6 25. Kf2 h4 26. f4 Kd7 27. Ne3 Nxe3
28. Kxe3 hxg3 29. hxg3 Bc6 30. Bd3 Ke7 31. Bc2 Bg2 32. Bd3 Bc6 1/2-1/2

[Event "World Senior Teams +50"]
[Site "Radebeul GER"]
[Date "2016.06.30"]
[Round "5.4"]
[Board "4"]
[White "Paehtz, Thomas"]
[Black "Kannenberg, Karl-Heinz"]
[Result "1-0"]
[WhiteTitle "GM"]
[WhiteElo "2361"]
[BlackElo "2236"]
[WhiteTeam "Emanuel-Lasker-Gesellschaft"]
[BlackTeam "SC Forchheim e.V."]
[WhiteFideId "4611349"]
[BlackFideId "4643348"]
[EventDate "2016.06.26"]

1. e4 c6 2. d4 d5 3. exd5 cxd5 4. c4 Nf6 5. Nc3 e6 6. Nf3 Bb4 7. cxd5 Nxd5 8.
Bd2 Nc6 9. Bd3 Be7 10. a3 Bf6 11. O-O O-O 12. Be3 h6 13. Bc2 Nxe3 14. fxe3 g6
15. Qd3 b6 16. h4 h5 17. Ne4 Bg7 18. Neg5 Qd6 19. Nxf7 Rxf7 20. Qxg6 Ba6 21. Ng5
Rxf1+ 22. Rxf1 Bxf1 23. Qf7+ Kh8 24. Qxh5+ Kg8 25. Bh7+ 1-0

[Event "World Senior Teams +50"]
[Site "Radebeul GER"]
[Date "2016.06.30"]
[Round "5.5"]
[Board "3"]
[White "Bosbach, Gerhard"]
[Black "Ross, David"]
[Result "1/2-1/2"]
[BlackTitle "IM"]
[WhiteElo "2217"]
[BlackElo "2296"]
[WhiteTeam "Hessische Seniorenmannschaft"]
[BlackTeam "Canada"]
[WhiteFideId "4605063"]
[BlackFideId "2600277"]
[EventDate "2016.06.26"]

1. c4 b6 2. d4 Bb7 3. Nf3 e6 4. g3 Nf6 5. Bg2 Be7 6. O-O O-O 7. Nc3 d5 8. Ne5
Na6 9. a3 c5 10. cxd5 exd5 11. Be3 Re8 12. Qa4 cxd4 13. Bxd4 Nc5 14. Qd1 Bf8 15.
b4 Ne6 16. e3 g6 17. Rc1 a5 18. Qb3 axb4 19. axb4 Nxd4 20. exd4 Bd6 21. Rfe1 Rf8
22. Nxd5 Nxd5 23. Bxd5 Bxd5 24. Qxd5 Bxb4 25. Qxd8 Rfxd8 26. Red1 Bd6 27. Nc4 b5
28. Nxd6 Rxd6 29. Rc5 Rad8 1/2-1/2

[Event "World Senior Teams +50"]
[Site "Radebeul GER"]
[Date "2016.06.30"]
[Round "5.5"]
[Board "4"]
[White "Ross, Paul"]
[Black "Kargoll, Herbert"]
[Result "1/2-1/2"]
[WhiteTitle "FM"]
[WhiteElo "2282"]
[BlackElo "2185"]
[WhiteTeam "Canada"]
[BlackTeam "Hessische Seniorenmannschaft"]
[WhiteFideId "2600420"]
[BlackFideId "4636007"]
[EventDate "2016.06.26"]

1. d4 Nf6 2. c4 e6 3. g3 c5 4. d5 exd5 5. cxd5 b5 6. Bg2 d6 7. Nh3 g6 8. b3 Bg7
9. Bb2 O-O 10. O-O a5 11. a4 bxa4 12. Rxa4 Bd7 13. Ra3 Re8 14. Nd2 Bb5 15. Re1
Na6 16. Nc4 Nb4 17. Nf4 Ra6 18. e4 a4 19. Nxd6 Rxd6 20. bxa4 Nfxd5 21. exd5
Rxe1+ 22. Qxe1 Bxb2 23. Rb3 Bxa4 24. Rxb2 g5 25. Rxb4 cxb4 26. Qxb4 Bc2 27. Qd2
Bf5 28. Ne2 Rb6 29. h3 Qf6 30. Nd4 Bd7 31. Kh2 h6 32. Bf3 Qe5 33. Kg2 f5 34. Nc6
Qf6 35. Qa5 Rb2 36. Qa8+ Qf8 37. Qa7 Qe8 38. Qd4 Rb1 39. Ne5 Re1 40. Nxd7 Qxd7
41. d6 Kh7 42. Qd5 Re8 43. Bh5 Rf8 44. Qe5 Rg8 45. Qe7+ Rg7 46. Qe5 Qc6+ 47. Bf3
Qd7 48. Bh5 Qb7+ 49. Bf3 Qc8 50. Bd5 Rg6 51. Qe7+ Rg7 52. Qe5 1/2-1/2

[Event "World Senior Teams +50"]
[Site "Radebeul GER"]
[Date "2016.06.30"]
[Round "5.6"]
[Board "1"]
[White "Plaskett, H James"]
[Black "Enders, Peter"]
[Result "1-0"]
[WhiteTitle "GM"]
[BlackTitle "GM"]
[WhiteElo "2445"]
[BlackElo "2448"]
[WhiteTeam "England 2"]
[BlackTeam "Thueringen"]
[WhiteFideId "400238"]
[BlackFideId "4611314"]
[EventDate "2016.06.26"]

1. d4 Nf6 2. Nf3 e6 3. Bg5 b6 4. e3 Bb7 5. c4 d6 6. Nc3 Nbd7 7. Bd3 Be7 8. O-O
O-O 9. Qe2 Nh5 10. Bf4 Nxf4 11. exf4 Re8 12. Rfe1 Bf6 13. Rad1 Nf8 14. Ne4 Ng6
15. g3 Rb8 16. Bc2 a6 17. Ne5 dxe5 18. dxe5 Qc8 19. exf6 Bxe4 20. Bxe4 gxf6 21.
h4 Kh8 22. h5 Ne7 23. Bc2 Rd8 24. Qe3 Kg7 25. h6+ Kxh6 26. f5+ Kg7 27. Rxd8 Qxd8
28. fxe6 Qf8 29. exf7 Ng6 30. Bxg6 hxg6 31. Qe8 c5 32. Qd7 Rd8 33. Qc7 Rc8 34.
Qxc8 1-0

[Event "World Senior Teams +50"]
[Site "Radebeul GER"]
[Date "2016.06.30"]
[Round "5.6"]
[Board "2"]
[White "Casper, Thomas"]
[Black "Lewis, Andrew P"]
[Result "1-0"]
[WhiteTitle "IM"]
[BlackTitle "FM"]
[WhiteElo "2377"]
[BlackElo "2269"]
[WhiteTeam "Thueringen"]
[BlackTeam "England 2"]
[WhiteFideId "4611403"]
[BlackFideId "400955"]
[EventDate "2016.06.26"]

1. e4 c5 2. Nf3 Nc6 3. Bb5 d6 4. O-O Bd7 5. Re1 Nf6 6. h3 a6 7. Bf1 e6 8. c3 Be7
9. d4 cxd4 10. cxd4 d5 11. exd5 Nxd5 12. Nc3 O-O 13. Nxd5 exd5 14. Qb3 Be6 15.
Bd2 b5 16. a4 b4 17. Qd3 Qd7 18. Ne5 Nxe5 19. dxe5 d4 20. Qf3 Qd5 21. Qxd5 Bxd5
22. a5 Rfd8 23. Bd3 g6 24. Rec1 Ra7 25. h4 h5 26. Bg5 Bxg5 27. hxg5 Be6 28. Rc6
Bf5 29. Bxf5 gxf5 30. Rd1 Rd5 31. f4 d3 32. Kf2 Rxa5 33. Rxd3 Ra2 34. Rd8+ Kg7
35. Rcc8 Rxb2+ 36. Kg3 f6 37. gxf6+ Kf7 38. Rf8+ Ke6 39. Rce8+ 1-0

[Event "World Senior Teams +50"]
[Site "Radebeul GER"]
[Date "2016.06.30"]
[Round "5.6"]
[Board "3"]
[White "Lauterbach, Ingrid"]
[Black "Brueggemann, Joachim"]
[Result "1/2-1/2"]
[WhiteTitle "WIM"]
[BlackTitle "IM"]
[WhiteElo "2107"]
[BlackElo "2304"]
[WhiteTeam "England 2"]
[BlackTeam "Thueringen"]
[WhiteFideId "405221"]
[BlackFideId "4611861"]
[EventDate "2016.06.26"]

1. e4 c5 2. Nf3 Nc6 3. Bb5 e6 4. O-O Nge7 5. Re1 a6 6. Bf1 Nd4 7. d3 Nxf3+ 8.
Qxf3 Nc6 9. c3 d6 10. Na3 g6 11. Nc2 Bg7 12. Qd1 O-O 13. Be3 b5 14. d4 cxd4 15.
Nxd4 Bb7 16. Nxc6 Bxc6 17. f3 Qc7 18. Qd2 Rfd8 19. Qf2 Rab8 20. a3 d5 21. exd5
Bxd5 22. a4 Bc4 23. axb5 axb5 24. Ra7 Qc6 25. Qh4 Bxf1 26. Rxf1 Rd7 27. Rxd7
Qxd7 28. Qe4 Rd8 29. Ra1 h6 30. Bb6 Rb8 31. Be3 g5 32. Ra8 Rxa8 33. Qxa8+ Kh7
34. Qe4+ f5 35. Qc2 Qd5 36. b3 Qe5 37. Bd2 Qe2 38. Qc1 Qd3 39. Be1 e5 40. Qd2
Qb1 41. b4 e4 42. Kf2 f4 43. fxe4 Qxe4 44. Qe2 Qd5 45. Qf3 Qf5 46. h3 Bf6 47.
Qb7+ Kg6 48. Qc6 Kf7 49. Qb7+ Be7 50. Qf3 Bd6 51. Qb7+ Kf6 52. Qc6 Ke7 53. Qb7+
Kd8 54. Qa8+ Kd7 55. Qf3 Kc7 56. Ke2 Qe6+ 57. Kd2 Be5 58. Qd3 Kc6 59. Qf3+ Qd5+
60. Ke2 Qxf3+ 61. gxf3 Kd5 62. Kd3 h5 63. Bf2 Bf6 64. Bg1 1/2-1/2

[Event "World Senior Teams +50"]
[Site "Radebeul GER"]
[Date "2016.06.30"]
[Round "5.6"]
[Board "4"]
[White "Espig, Lutz"]
[Black "Page, Mark E"]
[Result "1/2-1/2"]
[WhiteTitle "GM"]
[WhiteElo "2263"]
[BlackElo "2080"]
[WhiteTeam "Thueringen"]
[BlackTeam "England 2"]
[WhiteFideId "4611276"]
[BlackFideId "417050"]
[EventDate "2016.06.26"]

1. Nf3 Nf6 2. c4 g6 3. b4 Bg7 4. Bb2 O-O 5. e3 d6 6. Be2 c5 7. a3 b6 8. O-O Bb7
9. Nc3 e5 10. d3 Nc6 11. Qb3 Rb8 12. Nd2 Ne7 13. Bf3 Bxf3 14. Nxf3 Re8 15. Rad1
Nf5 16. Ne4 Qc7 17. Qa4 Rbd8 18. Nfd2 h6 19. Nxf6+ Bxf6 20. Ne4 Bg7 21. Ng3 1/2-1/2

[Event "World Senior Teams +50"]
[Site "Radebeul GER"]
[Date "2016.06.30"]
[Round "5.7"]
[Board "1"]
[White "Petran, Peter"]
[Black "Mueller, Michael1"]
[Result "1/2-1/2"]
[WhiteTitle "IM"]
[BlackTitle "FM"]
[WhiteElo "2331"]
[BlackElo "2244"]
[WhiteTeam "Slovakia"]
[BlackTeam "Stiftung BSW / DBAG II"]
[WhiteFideId "14900114"]
[BlackFideId "4622081"]
[EventDate "2016.06.26"]

1. b3 c5 2. Bb2 Nc6 3. f4 d5 4. e3 Nf6 5. Nf3 e6 6. Bb5 Bd7 7. O-O Bd6 8. Bxc6
Bxc6 9. Ne5 Bxe5 10. Bxe5 O-O 11. d3 Nd7 12. Bb2 Qe7 13. Nd2 e5 14. f5 f6 15.
Qe2 b5 16. e4 Nb6 17. c3 1/2-1/2